{"text_format":"3","workbook":"xls","n_sheets":3,"sheets":["邳州公司","巨野公司","连云港公司"],"read":"whole","date_system":"1900","formulas":"cached_only"}

{"sheet":"邳州公司","index":0,"n_rows":25,"n_cols":13,"rows_kept":25,"merged":[[0,2,0,11],[1,2,1,11],[2,2,2,11]],"flags":["formulas_cached_only"]}
[null,null,"五金收料统计日报表"]
[null,null,"日期： 2019    年    5  月  17  日                             填表人： 梅瑞雪"]
[null,null,"单位：大力神管桩有限公司"]
[null,"入库单号","品名","规格","数量","单位","单价","金额","供应商名称","联系方式","采购员","检验员","备注"]
[null,"WIN0050518","固定顶尖",null,2,"支",145,290,"现金供应商(山东奥鲁机械有限公司）",15264706569,"戴春举","李秦","莫氏6#F124-60°固定合金顶尖（含10元运费）"]
[null,"WIN0050529","氧气",null,9,"瓶",28,252,"邳州苏源制氧有限公司",null,"戴春举","梅瑞雪"]
[null,null,"乙炔",null,6,"瓶",56,336]
[null,"WIN0050530","轴承","6205",10,"个",5,50,"现金（邳州滚动轴承经销部）",null,"戴春举","梅瑞雪","2RS"]
[null,"WIN0050531","铁丝","8#",1,"捆",145,145,"现金（邳州石荣海建材五金）",null,"戴春举","梅瑞雪"]
[null,null,"电工胶带",null,200,"卷",0.8,160,{"$nulls":4},"舒适"]
[null,null,"锨头",null,10,"个",9,90]
[null,null,"锨把",null,10,"个",7,70]
[null,"WIN0050532","弹簧垫","16",200,"个",0.07,14,"现金供应商（邳州市中兴物资经销处）",null,"戴春举","梅瑞雪","8.8级恒达"]
[null,null,"弹簧垫","20",200,"个",0.15,30,{"$nulls":4},"8.85级恒达"]
[null,null,"豆扣（钢丝卡）","10U",50,"个",1,50,{"$nulls":4},"绳卡"]
[null,null,"乙炔表",null,3,"个",65,195,{"$nulls":4},"特斯"]
[null,null,"250砂轮片","绿碳",5,"片",35,175,{"$nulls":4},"跨越"]
[null,null,"AB胶",null,50,"支",2,100,{"$nulls":4},"卡夫特"]
[null,"WIN0050533","平头螺丝","12*50",200,"个",0.3,60,"现金供应商（邳州市中兴物资经销处）",null,"戴春举","梅瑞雪","4.8级大力牌"]
[null,null,"螺丝","M16*80",200,"个",1.2,240,{"$nulls":4},"8.8级大力牌"]
[null,null,"螺丝","M16*70",200,"个",1.07,214,{"$nulls":4},"8.8级大力牌"]
[null,null,"六角螺母","M20",200,"个",0.6,120,{"$nulls":4},"8.8级 紧恒牌"]
[null,null,"六角螺母","M16",200,"个",0.32,64,{"$nulls":4},"8.8级 紧恒牌"]
[null,null,"平键","28",10,"根",24,240,{"$nulls":4},"1米/根"]
[null,"WIN0050534","砂轮片","100*6*16",200,"片",1.2,240,"现金供应商（邳州市中兴物资经销处）",null,"戴春举","梅瑞雪","特磨，高速树脂钹形砂轮"]

{"sheet":"巨野公司","index":1,"n_rows":56,"n_cols":12,"rows_kept":56,"merged":[[0,0,0,11],[1,0,1,11],[2,0,2,11]],"flags":["formulas_cached_only"]}
["五金收料统计日报表"]
["日期： 2019  年 05月16 日                             填表人： 杨振华"]
["单位：江苏大力神管桩有限公司巨野分公司"]
["入库单号","品名","规格","数量","单位","单价","金额","供应商名称","联系方式","采购员","检验员","备注"]
["WIN008627","氧气",null,7,"瓶",30,210,"巨野县巨泰气体二站",18765016777,"张传朋","甘星允"]
[null,"乙炔",null,7,"瓶",65,455,"巨野县巨泰气体二站",18765016777,"张传朋","甘星允"]
["WIN008628","法兰盘","175*10",2,"件",35,70,"巨野县麒麟镇瑞麟机床加工厂",18253062776,"张传朋","甘星允"]
[null,"垫片","75*4.5",3,"件",10,30,"巨野县麒麟镇瑞麟机床加工厂",18253062776,"张传朋","甘星允"]
[{"$nulls":6},0]
[{"$nulls":6},0]
[{"$nulls":6},0]
[{"$nulls":6},0]
[{"$nulls":6},0]
[{"$nulls":6},0]
[{"$nulls":6},0]
[{"$nulls":6},0]
[{"$nulls":6},0]
[{"$nulls":6},0]
[{"$nulls":6},0]
[{"$nulls":6},0]
[{"$nulls":6},0]
[{"$nulls":6},0]
[{"$nulls":6},0]
[{"$nulls":6},0]
[{"$nulls":6},0]
[{"$nulls":6},0]
[{"$nulls":6},0]
[{"$nulls":6},0]
[{"$nulls":6},0]
[{"$nulls":6},0]
[{"$nulls":6},0]
[{"$nulls":6},0]
[{"$nulls":6},0]
[{"$nulls":6},0]
[{"$nulls":6},0]
[{"$nulls":6},0]
[{"$nulls":6},0]
[{"$nulls":6},0]
[{"$nulls":6},0]
[{"$nulls":6},0]
[{"$nulls":6},0]
[{"$nulls":6},0]
[{"$nulls":6},0]
[{"$nulls":6},0]
[{"$nulls":6},0]
[{"$nulls":6},0]
[{"$nulls":6},0]
[{"$nulls":6},0]
[{"$nulls":6},0]
[{"$nulls":6},0]
[{"$nulls":6},0]
[{"$nulls":6},0]
[{"$nulls":6},0]
[{"$nulls":6},0]
[{"$nulls":6},0]
[{"$nulls":6},0]

{"sheet":"连云港公司","index":2,"n_rows":25,"n_cols":12,"rows_kept":25,"merged":[[0,1,0,10],[1,1,1,10],[2,1,2,10],[10,11,18,11]],"flags":["formulas_cached_only"]}
[null,"连云港五金收料统计日报表"]
[null,"日期：   2019  年    5  月  17  日                             填表人： 李秀娟"]
[null,"单位：连云港分公司五金配件库"]
["入库单号","品名","规格","单位","单价","数量","金额","供应商名称","联系方式","采购员","检验员","备注"]
["WIN005559","被子",null,"条",50,3,150,"江苏美凯珑纺织品有限公司",null,"徐遵宇"]
[null,"被子",null,"条",30,3,90,"江苏美凯珑纺织品有限公司",null,"徐遵宇"]
[null,"枕头",null,"个",6,3,18,"江苏美凯珑纺织品有限公司",null,"徐遵宇"]
["WIN005563","烟花",null,"个",40,2,80,"王永刚烟花爆竹店",null,"徐遵宇"]
[null,"鞭炮",null,"盘",70,1,70,"王永刚烟花爆竹店",null,"徐遵宇"]
["WIN005565","短电焊手套",null,"付",3.5,400,1400,"临沂福伟劳保五金工具",null,"王成军"]
["WIN005566","风帽",null,"个",5,9,45,"赣榆区慧波劳保雨具商行",null,"徐遵宇",null,"大力神总厂车间代加工"]
["WIN005572","三角带","SPB-2500","根",38,12,456,"连云港市新浦区华中电动工具商行",null,"徐遵宇"]
["WIN005576","张拉螺丝","27*60","只",3.4,1000,3400,"南通市磊坚机械配件有限公司",null,"徐遵宇"]
[null,"张拉螺丝","27*65","只",3.4,1000,3400,"南通市磊坚机械配件有限公司",null,"徐遵宇"]
["WIN005585","平头螺丝","10*50","套",0.36,350,126,"赣榆县螺丝螺母营销部",null,"徐遵宇"]
["WIN005586","水带",null,"米",3.5,40,140,"赣榆县海头镇海粮建材门市部",null,"徐遵宇"]
[null,"接头",null,"个",5,5,25,"赣榆县海头镇海粮建材门市部",null,"徐遵宇"]
[null,"枪头","2.5","个",30,2,60,"赣榆县海头镇海粮建材门市部",null,"徐遵宇"]
["WIN005589","铜盘","500","个",2160,1,2160,"南京椒陵机械有限公司",null,"王成军"]
[null,"铜环","500","个",1170,3,3510,"南京椒陵机械有限公司",null,"王成军"]
["WIN005590","法兰片","80","个",16,2,32,"赣榆县青口镇光进机电设备经营部",null,"徐遵宇"]
[null,"冲压弯头","89","只",12,2,24,"赣榆县青口镇光进机电设备经营部",null,"徐遵宇"]
[null,"垫片","80","个",1,2,2,"赣榆县青口镇光进机电设备经营部",null,"徐遵宇"]
["WIN005591","钢丝管","90","斤",7.5,58.2,436.5,"赣榆县海头镇海粮建材门市部",null,"徐遵宇"]
[null,"钢丝卡","90","个",6,2,12,"赣榆县海头镇海粮建材门市部",null,"徐遵宇"]